| 000 | 02251cam a22004574i 4500 | ||
|---|---|---|---|
| 003 | PE-LiUPU | ||
| 005 | 20250731173300.0 | ||
| 008 | 150616s r 000 0 d | ||
| 020 | _a0829705104 | ||
| 035 | _a(Sirsi) i9780829705102 | ||
| 040 |
_aPE-LiUPU _bspa _cPE-LiUPU _erda |
||
| 049 | _aPRUA | ||
| 082 | 0 | 4 |
_a263.607 _bG72 _221 |
| 100 | 1 |
_aGodwin, David E., _eautor. |
|
| 245 | 1 | 0 |
_aMetodos para fundar iglesias : _bun manual internacional de campañas para fundar iglesias / _cDavid E. Godwin. |
| 264 | 1 |
_aMiami : _bEditorial Vida, _c1987. |
|
| 300 |
_a166 páginas ; _c22 centímetros |
||
| 336 |
_atext _2rdacontent |
||
| 337 |
_aunmediated _2rdamedia |
||
| 338 |
_avolume _2rdacarrier |
||
| 505 | 0 | _aUn romance con el planeta tierra -- ¿Esparcir la semilla, o sembrarla? -- Imaginemos la iglesia que queremos fundar -- Dónde empieza realmente la fundación de una iglesia -- Cómo presentar la campaña a una ciudad no evangelizada -- Cómo predicar a los que no han oido el evangelio -- Por qué debe ejercer el ministerio de sanidad todo fundador de iglesias -- Cómo orar por los enfermos cuando no se tiene el don de sanidad -- Problemas especiales al orar por los enfermos -- Cuando la sanidad se demora -- Instrucciones específicas para empezar la campaña -- Las tarjetas de decisión y las clases -- Cómo introducir a los recién convertidos a la vida de la iglesia -- La iglesia no es el edificio -- Presentación y desarrollo de la mayordomía en la nueva congregación. | |
| 526 | _aSEG42 | ||
| 526 | _aSEG41 | ||
| 526 | _aSEG40 | ||
| 526 | _aSEG39 | ||
| 526 | _aP94 | ||
| 526 | _aP87 | ||
| 526 | _aP86 | ||
| 526 | _aP85 | ||
| 526 | _aP77 | ||
| 526 | _aP76 | ||
| 526 | _aP35 | ||
| 650 | 0 | 4 | _aCrecimiento de iglesia. |
| 910 |
_ajck _bjvq _cjck |
||
| 942 |
_2ddc _cBOOK |
||
| 949 |
_a263.607 G72 _wDEWEY _c1 _i33842 _lCCODEBUL1 _mBUL _r0 _sY _tBOOK _u2015-6-16 _xTEOLOGIA _zUNKNOWN _0COMPRA _o.STAFF. Colección General |
||
| 994 |
_aC0 _bPEPRU |
||
| 596 | _a1 | ||
| 999 |
_a263.607 G72 _wDEWEY _c44091 _i33842 _f2021-11-10 _g5 _lCCODEBUL1 _mBUL _r0 _sY _tBOOK _u2015-6-16 _xTEOLOGIA _zUNKNOWN _0COMPRA _o.STAFF. Colección General _d44091 |
||
| 980 |
_81 _gALBERTO SANCHEZ Responsable de Automatización |
||